000 00495nam a22001577a 4500
008 160201b xxu||||| |||| 00| 0 eng d
020 _a9966530126
100 _aAmadu, Joseph
245 _aCases and Statutes on Evidence in Sierra Leone
_cJoseph Amadu
260 _aNairobi, Kenya
_blawAfrica
_c2014
300 _alii, 418p.
650 _2Evidence Law
_aSierra Leone
650 _2Evidence Law
_aSierra Leone Cases
700 _aJoseph Amadu
942 _2lcc
_cBK
_hKTJ349
_k.A963 2014
999 _c15585
_d15585